000 01531cam a2200361 i 4500
001 13694703
003 EG-ScBUE
005 20241030095723.0
008 040823t2005 enka f b 001 0 eng d
020 _a9781852338961 (acidfree paper)
020 _a1852338962 (acidfree paper)
020 _a9781852338961
040 _aDLC
_beng
_erda
_cDLC
_dDLC
_dEG-ScBUE
082 0 4 _a519.2
_222
_bMOD
245 0 2 _aA modern introduction to probability and statistics :
_bunderstanding why and how /
_cF.M. Dekking [and three others]
264 1 _aLondon :
_bSpringer,
_c[2005]
264 4 _cc2005
300 _axv, 486 pages :
_billustrations ;
_c25 cm.
336 _2rdacontent
_atext
_btxt
337 _aunmediated
_2rdamedia
_bn
338 _avolume
_bnc
_2rdacarrier
490 0 _aSpringer texts in statistics
504 _aIncludes bibliographical references and index.
650 7 _aProbabilities
_vTextbooks.
_2BUEsh
650 7 _aMathematical statistics
_vTextbooks.
_2BUEsh
655 _vReading book
700 1 _aDekking, F.M.,
_eauthor.
856 4 2 _3Publisher description
_uhttp://www.loc.gov/catdir/enhancements/fy0662/2004057700-d.html
856 4 2 _3Contributor biographical information
_uhttp://www.loc.gov/catdir/enhancements/fy0813/2004057700-b.html
856 4 1 _3Table of contents only
_uhttp://www.loc.gov/catdir/enhancements/fy0813/2004057700-t.html
942 _2ddc
_cBB
999 _c11001
_d11001